| 000 | 00430 a2200169 4500 | ||
|---|---|---|---|
| 003 | Nust | ||
| 005 | 20170207153352.0 | ||
| 040 | _cNust | ||
| 082 | _a005.1 | ||
| 100 | _aBaloch , Capt Fawad BESE-04 | ||
| 245 |
_aMovement planning and control System _cCapt Fawad Baloch & Capt Irfan , AD BESE-04 |
||
| 260 |
_bMCS _c2002 |
||
| 300 | _a84 p | ||
| 538 | _aAlmirah No.71 Shelf No.3 | ||
| 650 | _aUG Projects | ||
| 651 | _aUG CS Projects | ||
| 942 | _cTHS | ||
| 999 |
_c184642 _d184642 |
||